000 00306pam a2200133 a 4500
020 _c
041 _h
082 _a750
_bGOP
100 _aR. C.Gupta .
245 _aIndian Modern Art in Twentieth Century
_hTextual Documents
260 _a[s.l]:
_bR. C.Gupta
300 _a235:
_bpaper.
930 _a7168
999 _c240958
_d240958